[Event "Olympiad Women 2024"]
[Site "Budapest HUN"]
[Date "2024.09.22"]
[Round "11.29"]
[Board "1"]
[White "Gomez Barrera, Javiera Belen"]
[Black "Rivera, Ingris"]
[Result "1-0"]
[WhiteElo "2123"]
[BlackElo "2171"]
[PlyCount "91"]
[EventDate "2024.09.11"]
[WhiteTeam "Chile"]
[BlackTeam "Colombia"]
[WhiteTeamCountry "CHI"]
[BlackTeamCountry "COL"]

1. e4 c5 2. Nf3 d6 3. d4 cxd4 4. Nxd4 Nf6 5. Nc3 a6 6. Be3 e5 7. Nb3 Be6 8. f3 Be7 9. Qd2 O-O 10. O-O-O b5 11. g4 b4 12. Na4 Nbd7 ({RR} 12... d5 13. Bc5 d4 14. Qxb4 Nc6 15. Bxe7 Qe8 16. Qa3 Nxe7 17. Nbc5 Ng6 18. c3 Nd7 19. cxd4 exd4 20. Kb1 Nxc5 21. Nxc5 Qc6 22. Nxe6 fxe6 23. Rxd4 Ne5 24. Be2 Rac8 25. Rd2 Rf7 26. Qxa6 Nxf3 27. Rd8+ {1-0 Kasparov,G (2820)-Ricardi,P (2575) Buenos Aires sim 1997 (2)}) 13. g5 ({RR} 13. h4 a5 14. h5 Nc5 15. Nbxc5 dxc5 16. Qxd8 Rfxd8 17. Rxd8+ Rxd8 18. Bxc5 Bxc5 19. Nxc5 Bxa2 20. Nb7 Ra8 21. b3 a4 22. Kb2 axb3 23. cxb3 Nd7 24. Bb5 Nb6 25. Rd1 Kf8 26. Rd8+ Rxd8 27. Nxd8 Bxb3 {1-0 Karttunen,M (2490)-Esmeraldas Huachi,A (2141) Titled Tue 11th Jul Late 2023 (4)}) 13... Nh5 14. Qxb4 d5 15. Qa5 $146 ({RR} 15. Bc5 Nxc5 16. Naxc5 a5 17. Qa4 Bxc5 18. Nxc5 Qxg5+ 19. Kb1 Qe3 20. Nxe6 fxe6 21. Bb5 Qxf3 22. exd5 exd5 23. Bc6 Rad8 24. Qxa5 Nf4 25. a4 e4 26. Rhf1 Qh5 27. Rd4 Qe5 28. c3 Rd6 29. Qc5 e3 {0-1 Letov,P (2264)-Sharafiev,A (2445) Chigorin Memorial 18th 2010 (4)}) 15... Bxg5 16. Bxg5 Qxg5+ 17. Kb1 dxe4 18. Nd4 Qg6 19. Nxe6 Qxe6 20. fxe4 Nhf6 21. Qc7 Rfc8 22. Qd6 Qxd6 23. Rxd6 Rc7 24. Rxa6 Rxa6 25. Bxa6 Nxe4 26. b4 f5 27. Kb2 Nb8 28. Be2 Ra7 29. Nb6 Nc6 30. Bc4+ Kf8 31. c3 Nd6 32. Rd1 Nxc4+ 33. Nxc4 e4 34. b5 Rb7 35. a4 Rb8 36. Kc2 Ne7 37. b6 f4 38. a5 e3 39. Ne5 Re8 40. b7 f3 41. Nxf3 Nc6 42. a6 Ke7 43. Nd4 Kd6 44. Nxc6+ Kxc6 45. Rb1 e2 46. a7 1-0

[Event "Olympiad Women 2024"]
[Site "Budapest HUN"]
[Date "2024.09.22"]
[Round "11.29"]
[Board "2"]
[White "Argote Heredia, Valentina"]
[Black "Abarca Gonzalez, Damaris"]
[Result "1-0"]
[WhiteElo "2144"]
[BlackElo "1991"]
[PlyCount "151"]
[EventDate "2024.09.11"]
[WhiteTeam "Colombia"]
[BlackTeam "Chile"]
[WhiteTeamCountry "COL"]
[BlackTeamCountry "CHI"]

1. e4 e5 2. Nf3 Nc6 3. Bb5 a6 4. Ba4 Nf6 5. O-O Be7 6. Re1 b5 7. Bb3 d6 8. c3 O-O 9. h3 Nb8 10. d4 Nbd7 11. Nbd2 Bb7 12. Bc2 Re8 13. Nf1 Bf8 14. Ng3 g6 15. a4 c5 16. d5 c4 17. Bg5 h6 18. Be3 Nc5 19. Qd2 h5 20. Bh6 ({RR} 20. Ra3 Nfd7 21. Rea1 Bg7 22. Bg5 Bf6 23. Bh6 Qe7 24. Qc1 Nb6 25. axb5 axb5 26. Ra5 Qd7 27. Bg5 Bg7 28. Bh6 Bf6 29. Bg5 Bg7 30. Bh6 {½-½ Shirov,A (2715)-Kramnik,V (2809) Amber-blindfold 11th rapid 2002 (11)}) 20... Qe7 $146 ({RR} 20... Nh7 21. Bxf8 Rxf8 22. Qh6 Qf6 23. h4 Qg7 24. Qe3 Rfb8 25. axb5 axb5 26. Ng5 Qf6 27. Ne2 Bc8 28. f3 Bd7 29. g3 Rxa1 30. Rxa1 b4 31. cxb4 Rxb4 32. Ra8+ Kg7 33. Nxh7 Kxh7 34. Qa3 Rb7 35. Kg2 {0-1 Andersen,T-Christensen,B (2155) Ringsted op 1995 (7)}) ({RR} 20... Nh7 21. Bxf8 Rxf8 22. Qh6 Qf6 23. h4 Rfb8 24. Rf1 Bc8 25. Ng5 Qg7 26. Qxg7+ Kxg7 27. Nxh7 Kxh7 28. f4 Kg7 29. Rf2 b4 30. Raf1 Ra7 31. f5 b3 32. Bd1 Nd3 33. Rd2 Rc7 34. Rf3 Bd7 35. Be2 {0-1 Oksendal,M (2264)-Fus,J (2455) Krakow International 2024 (2.17)}) ({RR} 20... Bg7 21. Bxg7 Kxg7 22. Qg5 Kh7 23. axb5 axb5 24. Rxa8 Bxa8 25. Qh4 Kg7 26. Qg5 Kh7 27. Qe3 Kg7 28. Nh4 Ng8 29. Nhf5+ Kh7 30. Nxh5 gxh5 31. Bd1 Nd3 32. Bxh5 Qf6 33. Ra1 Nh6 34. Ra7 Nxf5 35. exf5 {0-1 Juenemann,M (1884)-Raetzke von Stoyentin,S (1754) Niedersachsen-ch op-A 2013 (3)}) ({RR} 20... Nh7 21. Bxf8 Rxf8 22. Qh6 Qe7 23. Ra3 Rab8 24. Rea1 Bc8 25. axb5 axb5 26. Ra5 Qf6 27. Qe3 Re8 28. Ne2 Bd7 29. Nc1 Qf4 30. Qxf4 exf4 31. Ra7 Nf6 32. Nd2 g5 33. f3 g4 34. Kf2 gxh3 35. gxh3 {½-½ Almagro Llamas,P (2476)-Roa Alonso,S (2457) San Sebastian Constitucion op 10th 2008 (6)}) 21. Bxf8 Qxf8 22. Nh4 Kh7 23. Qg5 Qg7 24. f4 Nfd7 25. f5 Qf6 26. Nf3 Qxg5 27. Nxg5+ Kg7 28. fxg6 fxg6 29. Rf1 Nf6 30. h4 Rf8 31. Rf3 Bc8 32. Rff1 Bd7 33. axb5 axb5 34. Nf3 Ng4 35. Rfe1 Rfb8 36. Nf1 Bc8 37. N3h2 Nf6 38. Nd2 Bb7 39. Kf2 Rf8 40. Ke2 Rfb8 41. Ke3 Bc8 42. b3 cxb3 43. Bxb3 Nxb3 44. Nxb3 Ra4 45. Nd2 Rba8 46. Rab1 Ra3 47. Rec1 Bd7 48. Ke2 Rc8 49. Kd3 Rb8 50. Rb4 Rba8 51. Nhf3 Ng4 52. Ng5 R8a4 53. Rcb1 Rxb4 54. Rxb4 Nf2+ 55. Ke2 Ng4 56. Rb3 Ra1 57. c4 bxc4 58. Rb7 Nf6 59. Nxc4 Ra2+ 60. Kd3 Rxg2 61. Nxd6 Kf8 62. Rb8+ Ke7 63. Nc4 Rg3+ 64. Ke2 Bg4+ 65. Kf2 Rc3 66. Nxe5 Rc2+ 67. Ke3 Rh2 68. Nxg6+ Kd7 69. Rf8 Ne8 70. e5 Nc7 71. Nf4 Rh1 72. Rf7+ Kd8 73. e6 Re1+ 74. Kf2 Re5 75. Rf8+ Ne8 76. Nf7+ 1-0

[Event "Olympiad Women 2024"]
[Site "Budapest HUN"]
[Date "2024.09.22"]
[Round "11.29"]
[Board "3"]
[White "Jorquera Cabello, Valentina"]
[Black "Chirivi C, Jenny Astrid"]
[Result "0-1"]
[WhiteElo "1919"]
[BlackElo "2120"]
[PlyCount "118"]
[EventDate "2024.09.11"]
[WhiteTeam "Chile"]
[BlackTeam "Colombia"]
[WhiteTeamCountry "CHI"]
[BlackTeamCountry "COL"]

1. e4 e5 2. Nf3 Nc6 3. Bc4 Bc5 4. c3 Nf6 5. d3 d6 6. Nbd2 O-O 7. O-O a5 8. h3 Ba7 9. Re1 Ne7 10. Nf1 Ng6 11. Ng3 c6 12. Bb3 d5 13. Bg5 ({RR} 13. exd5 Nxd5 14. d4 exd4 15. Nxd4 Be6 16. Bc2 Ndf4 17. Re4 Nd5 18. Qf3 Nf6 19. Nxe6 fxe6 20. Rxe6 Nd5 21. Nf5 Nh4 22. Qh5 Rxf5 23. Bxf5 g6 24. Bxg6 hxg6 25. Qg4 Kf7 26. Bg5 Qd7 27. Rae1 Nf5 {1-0 Dovbnia,N (1941)-Cordoba Roa,A (2312) Titled Tue 6th Feb Early 2024 (3)}) 13... h6 14. Bxf6 Qxf6 15. Nh5 $146 ({RR} 15. exd5 a4 16. Bxa4 cxd5 17. Bb3 Qd6 18. Qd2 Be6 19. Kh1 Rad8 20. Re2 f6 21. Rd1 Kh8 22. Qe1 Nf4 23. Red2 Qd7 24. Qf1 g5 25. c4 d4 26. Ne2 Ng6 27. Ng3 h5 28. Nxh5 g4 29. Nh2 Qh7 {0-1 Silva Rodriguez,F (2253)-Krysa,L (2516) Iberoamerican-ch 7th 2019 (1)}) 15... Qd6 16. Qe2 Re8 17. Nh2 f5 18. c4 fxe4 19. dxe4 Rf8 20. Rf1 dxc4 21. Bxc4+ Kh7 22. Rad1 Qe7 23. Nf3 b5 24. Bb3 a4 25. Bc2 Be6 26. a3 Rf7 27. Kh1 Raf8 28. Rd3 Bc4 29. b3 Bxd3 30. Qxd3 Rxf3 31. gxf3 Qh4 32. f4 Qxh5 33. f5 Nf4 34. Qg3 Qxh3+ 35. Qxh3 Nxh3 36. bxa4 bxa4 37. f3 Bd4 38. Bxa4 Ra8 39. Bxc6 Rxa3 40. Rb1 Rxf3 41. Kg2 Rc3 42. Be8 Nf4+ 43. Kf1 Rh3 44. Bg6+ Nxg6 45. fxg6+ Kxg6 46. Rb7 Re3 47. Rc7 Rxe4 48. Kg2 Re3 49. Rc6+ Kf5 50. Rc7 g6 51. Rf7+ Kg4 52. Rf6 g5 53. Rxh6 Re2+ 54. Kh1 Re1+ 55. Kh2 e4 56. Re6 Kf5 57. Re8 Be5+ 58. Kg2 Re2+ 59. Kg1 e3 0-1

[Event "Olympiad Women 2024"]
[Site "Budapest HUN"]
[Date "2024.09.22"]
[Round "11.29"]
[Board "4"]
[White "Mogollon Tobar, Nicolle Julieth"]
[Black "Morales Flores, Monserrat"]
[Result "1-0"]
[WhiteElo "2045"]
[BlackElo "1938"]
[PlyCount "111"]
[EventDate "2024.09.11"]
[WhiteTeam "Colombia"]
[BlackTeam "Chile"]
[WhiteTeamCountry "COL"]
[BlackTeamCountry "CHI"]

1. e4 c5 2. Nf3 e6 3. d4 cxd4 4. Nxd4 a6 5. Nc3 b5 6. Bd3 Qc7 7. O-O Nf6 8. Re1 Bb7 9. e5 Nd5 10. Nxd5 Bxd5 11. Qg4 ({RR} 11. Qe2 Nc6 12. Nxc6 Qxc6 13. Be4 Bxe4 14. Qxe4 Qxe4 15. Rxe4 d5 16. Re2 Rc8 17. Be3 Bc5 18. c3 Kd7 19. a3 a5 20. f4 Kc6 21. Kf2 a4 22. Rd1 {½-½ Bosikis,T (1391)-Leclere,D (1784) LTU-ch U16 Kaunas 2022 (8)}) 11... Nc6 12. Nxc6 Bxc6 $146 ({RR} 12... Qxc6 13. Bg5 h5 14. Qg3 h4 15. Qh3 Bc5 16. Rac1 Qb6 17. Be3 Rc8 18. Bxc5 Rxc5 19. Qg4 Kf8 20. h3 Qc7 21. b3 Rc3 22. a4 d6 23. axb5 axb5 24. Qb4 Qc5 25. Qa5 Ke7 26. exd6+ Kxd6 27. Bc4 {0-1 Sziraki,T (2240)-Ruck,T (2320) Budapest Spring op 10th 1994 (6)}) ({RR} 12... Qxc6 13. Qg3 f5 14. a4 Kf7 15. h4 Be7 16. Bg5 Bc5 17. Be3 Be7 18. Rad1 Rhc8 19. Re2 Qb7 20. a5 Bd8 21. Bb6 Bxb6 22. axb6 Bc6 23. Re3 Qxb6 24. Qf4 Qc5 25. Rg3 Qe7 26. c3 Kg8 27. Bb1 {½-½ Dastan,B (2439)-Gagunashvili,M (2560) Nakhchivan op 2014 (4)}) ({RR} 12... Qxc6 13. a4 b4 14. Bg5 h6 15. Bd2 h5 16. Qh3 g5 17. Bxg5 Rg8 18. Qxh5 Bxg2 19. Re3 Be7 20. Rg3 Bh1 21. Bf1 Bxg5 22. Rxg5 O-O-O 23. Re1 Bf3 24. Qh4 Qxc2 25. Bxa6+ Kc7 26. Rg3 Qd2 27. Re3 {½-½ Simonian,H (2390)-Kolesnikov,E (2383) Alushta 01 2007 (2)}) 13. h4 h5 14. Qg3 Be7 15. Bg5 Qd8 16. Be4 Bxe4 17. Bxe7 Qxe7 18. Qxg7 O-O-O 19. Rxe4 Rdg8 20. Qf6 Qxf6 21. exf6 Rg6 22. a4 Kb7 23. axb5 axb5 24. Rb4 Kc6 25. Ra6+ Kc5 26. Rf4 Rg4 27. Rxg4 hxg4 28. g3 Rh6 29. Ra7 Kc6 30. Ra8 Rxf6 31. Rg8 Rg6 32. Rh8 d5 33. Kf1 e5 34. Ke2 Kc5 35. Rh7 f6 36. Rf7 Kd4 37. c3+ Kc5 38. b4+ Kc6 39. Ke3 Kd6 40. Rf8 Kc6 41. Rc8+ Kd6 42. Rc5 Rg8 43. Rxb5 Rc8 44. Rb6+ Ke7 45. Kd3 Rc4 46. b5 Ra4 47. Ra6 Rc4 48. b6 Rc8 49. b7 Rb8 50. Rb6 f5 51. c4 dxc4+ 52. Kxc4 f4 53. Kd5 fxg3 54. fxg3 Kd7 55. Kxe5 Kc7 56. Rb3 1-0

[Event "Olympiad Women 2024"]
[Site "Budapest HUN"]
[Date "2024.09.22"]
[Round "11.30"]
[Board "1"]
[White "Goossens, Hanne"]
[Black "Noshin, Anjum"]
[Result "1/2-1/2"]
[WhiteElo "2189"]
[BlackElo "2085"]
[PlyCount "83"]
[EventDate "2024.09.11"]
[WhiteTeam "Belgium"]
[BlackTeam "Bangladesh"]
[WhiteTeamCountry "BEL"]
[BlackTeamCountry "BAN"]

1. e4 e5 2. Nf3 Nc6 3. Bc4 Bc5 4. c3 Nf6 5. d4 exd4 6. e5 d5 7. Bb5 Ne4 8. cxd4 Bb6 9. Nc3 O-O 10. Be3 Bg4 11. h3 Bh5 12. Qc2 Bg6 13. Qb3 Na5 14. Qxd5 Qe7 15. Qd7 Qb4 16. O-O Rfd8 17. Nd5 Qxb2 18. Ne7+ Kf8 19. Nxg6+ fxg6 20. Qg4 Qxb5 21. Qxe4 Qd5 22. Qh4 $146 ({RR} 22. Qg4 Kg8 23. h4 Re8 24. Rfd1 Rad8 25. h5 gxh5 26. Qxh5 Re6 27. Ng5 Rh6 28. Qf3 Rg6 29. Qxd5+ Rxd5 30. Nh3 Rd8 31. Nf4 Rc6 32. d5 Bxe3 33. dxc6 Rxd1+ 34. Rxd1 Bxf4 35. e6 Kf8 36. Rd5 Nxc6 {1-0 Hacker,J (2400)-Jaksland,T (2070) Killer Chess Training Op 2023 (1.9)}) 22... Kg8 23. Ng5 h6 24. Nf3 Nc6 25. Rfd1 Re8 26. Qg4 Ne7 27. h4 Rad8 28. h5 gxh5 29. Qxh5 Qf7 30. Qg4 Qf5 31. Qxf5 Nxf5 32. g4 Ne7 33. Rd2 Rd5 34. Kg2 Nc6 35. Kg3 Red8 36. Rc1 g5 37. Rcd1 R8d7 38. Rc1 Nd8 39. Rc4 Ne6 40. a4 Kf7 41. Rb2 c6 42. Rb1 1/2-1/2

[Event "Olympiad Women 2024"]
[Site "Budapest HUN"]
[Date "2024.09.22"]
[Round "11.30"]
[Board "2"]
[White "Nusrat Jahan, Alo"]
[Black "Vanduyfhuys, Daria"]
[Result "0-1"]
[WhiteElo "2033"]
[BlackElo "2112"]
[PlyCount "108"]
[EventDate "2024.09.11"]
[WhiteTeam "Bangladesh"]
[BlackTeam "Belgium"]
[WhiteTeamCountry "BAN"]
[BlackTeamCountry "BEL"]

1. e4 c5 2. c3 Nf6 3. e5 Nd5 4. Nf3 Nc6 5. d4 cxd4 6. cxd4 e6 7. Nc3 Nxc3 8. bxc3 d6 9. exd6 Bxd6 10. Bd3 h6 11. O-O O-O 12. Re1 ({RR} 12. Qe2 Ne7 13. h4 Qc7 14. Re1 Bd7 15. Bd2 Bc6 16. Ne5 Bxe5 17. Qxe5 Qxe5 18. Rxe5 Rfd8 19. Rb1 Rac8 20. Ra5 a6 21. Rc5 Bd5 22. Rxc8 Rxc8 23. Rb2 b5 24. Bc2 Nc6 25. a4 Na5 26. Bd3 bxa4 {0-1 Stillger,B (2359)-Annakov,B (2600) Oz.com qual blitz 2000 (8)}) 12... Qc7 ({RR} 12... Re8 13. Ne5 Qa5 14. Nc4 Qc7 15. Qh5 Bf4 16. Re4 Bxc1 17. Rxc1 Bd7 18. Rg4 Kf8 19. Rg3 Re7 20. Qg4 f5 21. Qg6 Kg8 22. Re1 Be8 23. Qf6 Qxg3 24. Qxe7 Qxd3 25. Qxb7 Rb8 26. Qa6 Rb1 {0-1 Podravec,K (2103)-Vojak,D (2256) Croatian Cup 2024 (2.16)}) 13. Qc2 $146 ({RR} 13. Qe2 Re8 14. Ne5 Rd8 15. Bc2 b6 16. Nxc6 Qxc6 17. Be4 Qxc3 18. Bb2 Qa5 19. Bxa8 Ba6 20. Qf3 Qb4 21. Bc3 Qc4 22. Rac1 Ba3 23. Rc2 b5 24. Be4 b4 25. Bb2 Qxa2 26. Bxa3 Qxa3 27. Qxa3 bxa3 {1-0 Gonzalez Guedes,I (2031)-Pascual Garcia,M (1721) ESP-ch U18 Rapid 2022 (3)}) ({RR} 13. Qe2 Rd8 14. Bd2 Bf8 15. Qe4 g6 16. Qh4 Qe7 17. Qg3 Bg7 18. Bf4 g5 19. Bc1 Qe8 20. Qd6 Rxd6 21. Be3 Rd8 22. Bb5 Bd7 {½-½ Wu,H (2210)-Moore,H (2290) Jack Taylor Memorial 2006 (2)}) ({RR} 13. Qe2 Bd7 14. Ne5 Rae8 15. Nxd7 Qxd7 16. Rb1 Qc7 17. h3 e5 18. f4 e4 19. Bxe4 Kh8 20. f5 Bg3 21. f6 Bxe1 22. fxg7+ Kxg7 23. Bxh6+ Kxh6 24. Qe3+ Kh5 25. Qf3+ Kg5 26. Qf5+ {1-0 Lalic,S (2270)-Jotea,N Lloyds Bank op 14th 1990}) 13... e5 14. d5 Ne7 15. Qb3 Bf5 16. Bxf5 Nxf5 17. Ba3 Bxa3 18. Qxa3 f6 19. Nd2 Nd6 20. Qb3 Rac8 21. Rac1 Rfd8 22. c4 Qa5 23. Qc3 Qxc3 24. Rxc3 b5 25. Rec1 bxc4 26. Kf1 Rc5 27. f3 Rdc8 28. Ne4 Nb5 29. Nxc5 Nxc3 30. d6 Rxc5 31. d7 Rd5 32. Rxc3 Rxd7 33. Rxc4 Kf7 34. h4 Rb7 35. Ra4 h5 36. g3 Ke6 37. Ke2 Kd5 38. Ke3 Kc5 39. Ke4 Rb4+ 40. Rxb4 Kxb4 41. f4 Ka3 42. fxe5 fxe5 43. Kxe5 Kxa2 44. Kf5 Kb1 45. Kg5 a5 46. Kxh5 a4 47. Kg6 a3 48. Kxg7 a2 49. h5 a1=Q+ 50. Kh7 Qa7+ 51. Kg6 Qb6+ 52. Kg7 Qc7+ 53. Kf6 Qxg3 54. h6 Qg8 0-1

[Event "Olympiad Women 2024"]
[Site "Budapest HUN"]
[Date "2024.09.22"]
[Round "11.30"]
[Board "3"]
[White "De Rycke, Tyani"]
[Black "Wadifa, Ahmed"]
[Result "1-0"]
[WhiteElo "2110"]
[BlackElo "1988"]
[PlyCount "79"]
[EventDate "2024.09.11"]
[WhiteTeam "Belgium"]
[BlackTeam "Bangladesh"]
[WhiteTeamCountry "BEL"]
[BlackTeamCountry "BAN"]

1. e4 c5 2. Nc3 Nc6 3. g3 g6 4. Bg2 Bg7 5. d3 d6 6. Be3 Rb8 7. Qd2 b5 8. f4 e6 9. e5 Nd4 ({RR} 9... Nge7 10. exd6 Qxd6 11. Ne4 Qc7 12. Bxc5 O-O 13. Bd6 Qb6 14. Bxb8 Qxb8 15. c3 Rd8 16. Ne2 Nf5 17. O-O Qb6+ 18. Kh1 Ne3 19. Rfe1 Nxg2 20. Kxg2 Bb7 21. Ng1 Ne7 22. Nf3 Nf5 23. Rad1 h5 24. d4 {0-1 Mikheeva,G (1852)-Karwowski,K (2243) Titled Tuesday intern op 27th July blitz 2021 (9)}) 10. exd6 Nf6 11. Ne4 Ng4 12. Bxd4 $146 ({RR} 12. Bf2 O-O 13. c3 Nxf2 14. Qxf2 f5 15. Ng5 h6 16. N5h3 Qa5 17. Nf3 Nxf3+ 18. Bxf3 Bxc3+ 19. bxc3 Qxc3+ 20. Ke2 Qb2+ 21. Ke3 Qd4+ 22. Ke2 {½-½ Coll Enriquez,L (2122)-Buxade Roca,G (2199) Catalunya-ch Seniors 2008}) 12... cxd4 13. Bf3 Ne3 14. c3 Nd5 15. Ne2 f5 16. Nc5 dxc3 17. bxc3 Qxd6 18. d4 O-O 19. O-O Rd8 20. Rab1 a5 21. a3 Ba6 22. Bxd5 exd5 23. Qd3 Rdc8 24. a4 Rb6 25. Nxa6 Rxa6 26. Rxb5 Rc4 27. Rfb1 Ra7 28. Qf3 Rxa4 29. Rxd5 Qe7 30. Rb8+ Kf7 31. Rdb5 Ra1+ 32. Kf2 Qe4 33. Qxe4 fxe4 34. R8b7+ Rxb7 35. Rxb7+ Kf8 36. Ke3 a4 37. Kxe4 a3 38. Ra7 a2 39. Kd5 h5 40. c4 1-0

[Event "Olympiad Women 2024"]
[Site "Budapest HUN"]
[Date "2024.09.22"]
[Round "11.30"]
[Board "4"]
[White "Hamid, Rani"]
[Black "Dierckens, Sarah"]
[Result "1-0"]
[WhiteElo "1900"]
[BlackElo "1943"]
[PlyCount "193"]
[EventDate "2024.09.11"]
[WhiteTeam "Bangladesh"]
[BlackTeam "Belgium"]
[WhiteTeamCountry "BAN"]
[BlackTeamCountry "BEL"]

1. e4 {Renaud,G/Primel,D} c5 2. Nf3 d6 3. d4 cxd4 4. Nxd4 Nf6 5. Nc3 g6 6. Be2 Bg7 7. O-O Nc6 8. Be3 O-O 9. Kh1 Bd7 10. f4 Rc8 11. Qd2 ({RR} 11. Nb3) ({RR} 11. Qd3 Qa5 12. Bf3 Nxd4 13. Bxd4 e5 14. Be3 Be6 15. Rfd1 exf4 16. Bxf4 Ng4 17. Qe2 Ne5 18. Nd5 Rce8 19. Bd2 Qd8 20. Bb4 Nxf3 21. gxf3 Bxb2 22. Rab1 Be5 23. f4 Bxd5 24. fxe5 Bc6 25. Bxd6 Qg5 {1-0 Warakomski,T (2498)-Bartel,M (2662) POL-ch Warsaw 2014 (1)}) 11... Na5 ({RR} 11... a6) ({RR} 11... a6 12. f5 Ne5 13. h3 b5 14. Bd3 Nc4 15. Qc1 Ne5 16. a3 Bc6 17. Nxc6 Rxc6 18. Qe1 Nc4 19. Rb1 Nd7 20. Nd1 Nde5 21. Qe2 Qc7 22. c3 Rd8 23. Bd4 Nxd3 24. Qxd3 d5 25. Nf2 dxe4 26. Nxe4 {0-1 Likando,N (1544)-Mefteh,M (1254) Olympiad Women-44 2022 (8.4)}) ({RR} 11... a6 12. Rae1 b5 13. a3 Na5 14. e5 Ne8 15. Nd5 dxe5 16. fxe5 Bxe5 17. Bh6 Ng7 18. Nf3 Bxb2 19. Nxe7+ Qxe7 20. Qxa5 Bc3 21. Qxa6 Bxe1 22. Rxe1 Rfe8 23. h3 Nf5 24. Bf4 Rc6 25. Qxb5 Re6 26. Qd3 {0-1 Hamid,R (2006)-Manon,R (1725) BAN-ch Morning Glory Online 2020 (2)}) 12. e5 $146 ({RR} 12. b3 a6 13. Bf3 Ng4 14. Bxg4 Bxg4 15. h3 ({RR} 15. f5) 15... Bd7 16. Rad1 Nc6 17. Nce2 b5 18. c3 ({RR} 18. f5) 18... Qc7 19. Rc1 Qb7 20. Nf3 Nd8 21. Qd3 Bc6 22. Nd2 f5 23. Ng3 h5 24. Rf2 h4 25. Ne2 fxe4 26. Qb1 Ne6 {0-1 Fabre,A-Gibaud,A FRA-ch06 Marseille 1928 (1)}) ({RR} 12. f5 Nc4 13. Bxc4 Rxc4 14. Rad1 Qa5 15. Qe2 Rfc8 16. Nb3 Qc7 17. Bd4 Be8 18. e5 dxe5 19. Bxe5 Qb6 20. Bd4 Qc7 21. Rde1 Rd8 22. Be5 Qc8 23. fxg6 hxg6 24. Bf4 Nh5 25. Bg5 f6 26. Be3 Bf7 {0-1 Schweigert,W-Huber,P (2120) DLM U20 Templin 1997}) ({RR} 12. Rad1 Nc4 13. Bxc4 Rxc4 14. e5 Ne8 15. Ndb5 Bg4 16. b3 Rc6 17. Nxa7 Ra6 18. Rb1 Nc7 19. h3 Be6 20. Rbd1 Qb8 21. Nab5 Nxb5 22. Nxb5 dxe5 23. a4 Qc8 24. Na7 Qc7 25. Nb5 Qc6 26. Kh2 Bf5 {½-½ Schmidt,J (2190)-Guth,T (2260) Berlin-ch op 1999 (3)}) 12... dxe5 13. fxe5 Ne8 14. Bh6 Nc4 15. Bxc4 Rxc4 16. Nf3 Rxc3 17. bxc3 Qc7 18. Rae1 Bc6 19. Bf4 Qa5 20. Nd4 Bd5 21. Nb3 Qb5 22. a4 Qc6 23. Rf2 Nc7 24. Bg5 Re8 25. Qe3 Ne6 26. Nd4 Qxa4 27. Nxe6 Bxe6 28. Qc5 b6 29. Qb4 Qd7 30. Rd2 Qc7 31. Bf4 h6 32. Qd4 Rc8 33. Ra1 g5 34. Bg3 h5 35. Re2 Bg4 36. Re3 Bf5 37. Re2 a5 38. Rb1 Qxc3 39. Qxc3 Rxc3 40. Rxb6 Bxc2 41. Be1 Rc5 42. Rb8+ Kh7 43. Bf2 Rc4 44. Rb7 e6 45. Rxf7 a4 46. Ra7 Kg6 47. Kg1 Bf8 48. Re1 Bb3 49. Ra8 Bb4 50. Rf1 Re4 51. Rg8+ Kh6 52. Rc1 Bc4 53. Rb8 Bb3 54. Bc5 Bd2 55. Rf1 Rxe5 56. Rh8+ Kg6 57. Bd4 Be3+ 58. Bxe3 Rxe3 59. Rg8+ Kh7 60. Rxg5 Bc4 61. Rc1 Kh6 62. h4 Re4 63. g3 e5 64. Rd1 Rd4 65. Rb1 Bb3 66. Rxe5 Rd3 67. Kf2 a3 68. Rc1 Bd5 69. Re3 Rxe3 70. Kxe3 a2 71. Kf4 Kg6 72. Ke5 Bf7 73. Rc6+ Kh7 74. Ra6 Kg7 75. Ra7 Kg6 76. Kf4 Kf6 77. Ra6+ Kg7 78. Kg5 Kh7 79. Kf6 Bg8 80. Ra5 Bd5 81. Kg5 Bf7 82. Ra6 Kg7 83. Ra7 Kh8 84. Kh6 Bd5 85. Kxh5 Kg8 86. Kg5 Kf8 87. h5 Kg8 88. g4 Be6 89. h6 Kh8 90. Kg6 Bd5 91. g5 Kg8 92. Kf6 Kh8 93. g6 Kg8 94. Ke5 Bc6 95. Rxa2 Be8 96. Ra8 Kf8 97. Rxe8+ 1-0

[Event "Olympiad Women 2024"]
[Site "Budapest HUN"]
[Date "2024.09.22"]
[Round "11.31"]
[Board "1"]
[White "Corrales Jimenez, Zenia"]
[Black "Timergazi, Layla"]
[Result "1/2-1/2"]
[WhiteElo "2170"]
[BlackElo "1979"]
[PlyCount "98"]
[EventDate "2024.09.11"]
[WhiteTeam "Mexico"]
[BlackTeam "New Zealand"]
[WhiteTeamCountry "MEX"]
[BlackTeamCountry "NZL"]

1. e4 c6 2. d4 d5 3. Nc3 dxe4 4. Nxe4 Nf6 5. Nxf6+ exf6 6. c3 Bd6 7. Bd3 O-O 8. Qc2 Re8+ 9. Ne2 h5 10. O-O h4 11. h3 Na6 12. Bd2 Nc7 13. Rae1 Nd5 ({RR} 13... Ne6 14. f4 Bc7 15. f5 Ng5 16. Bf4 Bd7 17. Qc1 c5 18. dxc5 Bc6 19. Nd4 Qd5 20. Nxc6 bxc6 21. Bxc7 Qxd3 22. b4 Qc4 23. a3 Re4 24. Bf4 Rxe1 25. Qxe1 Ne4 26. Rf3 Rd8 27. Kh2 Rd3 28. Qe2 {0-1 Dominguez Perez,L (2748)-Firouzja,A (2751) Saint Louis Blitz 2024 (10.5)}) 14. Bf5 $146 ({RR} 14. a3 b5 15. b3 Bxa3 16. b4 a5 17. Nf4 Nxf4 18. Bxf4 axb4 19. Be4 Bd7 20. d5 cxd5 21. Bxd5 Be6 22. Bxa8 b3 23. Qe2 Qxa8 24. Qxb5 Rc8 25. Rxe6 fxe6 26. Qxb3 Qe4 27. Bd2 Qd3 28. Qxe6+ {1-0 Ivic,V (2553)-Rozman,L (2322) Titled Tuesday intern op 04th Oct Early blitz 2022 (6)}) ({RR} 14. c4 Nb4 15. Bh7+ Kh8 16. Qb1 Be6 17. Qe4 g5 18. Bf5 Bxc4 19. Qg4 Bxe2 20. Rxe2 Rxe2 21. Qxe2 Kg7 22. f4 Nd5 23. fxg5 fxg5 24. Qh5 Qf6 25. Bxg5 Qxd4+ 26. Kh1 Rh8 27. Bh7 f6 28. Bxf6+ Qxf6 {1-0 Sukovic,A (2322)-Gramb,M (2159) 23rd ch-EUR Indiv 2023 (7.163)}) ({RR} 14. c4 Nb4 15. Bxb4 Bxb4 16. Nc3 Rxe1 17. Rxe1 Be6 18. Qd1 Qa5 19. Qc2 Rd8 20. Re4 g5 21. Qe2 Bf5 22. Re8+ Rxe8 23. Qxe8+ Kg7 24. Ne4 Bxe4 25. Qxe4 Qxa2 26. Qh7+ Kf8 27. Qh8+ Ke7 28. Qb8 Qxb2 {1-0 Quparadze,G (2463)-Perez Ponsa,F (2554) Titled Tuesday intern op 01st June blitz 2021 (9)}) 14... Bc7 15. Bxc8 Rxc8 16. Qd3 Qd6 17. f4 g6 18. c4 Ne7 19. Nc3 Bb6 20. Be3 Qd8 21. Bf2 Nf5 22. Rxe8+ Qxe8 23. Re1 Qd7 24. Ne4 Kg7 25. Rd1 Re8 26. Nc5 Qc8 27. Qf3 Bxc5 28. dxc5 Rd8 29. Rxd8 Qxd8 30. Qe2 g5 31. fxg5 fxg5 32. Be1 Qd4+ 33. Qf2 Qe4 34. Bc3+ Kg8 35. Qd2 Qe7 36. b4 Kh7 37. Qd3 Kg6 38. Kf2 Qe6 39. Bb2 f6 40. Bc3 Kh6 41. Kg1 Kg7 42. Kh2 Ng3 43. Qd6 Kf7 44. Bb2 Nf1+ 45. Kg1 Ne3 46. Qd3 Nxc4 47. Qh7+ Kf8 48. Qh8+ Kf7 49. Qh7+ Kf8 1/2-1/2

[Event "Olympiad Women 2024"]
[Site "Budapest HUN"]
[Date "2024.09.22"]
[Round "11.31"]
[Board "2"]
[White "Ning, Isabelle Yixuan"]
[Black "Miranda Rodriguez, Tania"]
[Result "1/2-1/2"]
[WhiteElo "1915"]
[BlackElo "2090"]
[PlyCount "119"]
[EventDate "2024.09.11"]
[WhiteTeam "New Zealand"]
[BlackTeam "Mexico"]
[WhiteTeamCountry "NZL"]
[BlackTeamCountry "MEX"]

1. d4 Nf6 2. c4 e6 3. Nc3 Bb4 4. Bd2 O-O 5. Nf3 d5 6. e3 b6 7. Bd3 dxc4 8. Bxc4 Bb7 9. O-O Nbd7 10. Qe2 c5 11. a3 Bxc3 12. Bxc3 Ne4 13. Rfd1 ({RR} 13. Rac1 Nxc3 14. Rxc3 Bxf3 15. Qxf3 cxd4 16. exd4 Nf6 17. Rd1 Rc8 18. Ba2 Rxc3 19. Qxc3 Qd6 20. Qb4 Qxb4 21. axb4 Rc8 22. Bb3 Kf8 23. g3 Ke7 24. d5 exd5 25. Bxd5 Nxd5 26. Rxd5 Rc2 27. b3 Rc3 {½-½ Hovakimyan,V (2167)-Bluebaum,M (2640) Titled Tue 2nd Jul Late 2024 (1)}) 13... Qf6 14. Bb5 $146 ({RR} 14. Bd3 Nxc3 15. bxc3 e5 16. d5 e4 17. Bxe4 Qxc3 18. Bf5 Rad8 19. Bxd7 Rxd7 20. e4 g6 21. Rac1 Qg7 22. a4 Re8 23. Qb5 Red8 24. a5 f5 25. Ng5 Qe7 26. h4 fxe4 27. Ne6 e3 28. Nxd8 exf2+ {1-0 Kucharska,H (2173)-Mayrhuber,N (2128) Pobeskydi IM 2023 (2.4)}) 14... Rad8 15. Bxd7 Rxd7 16. dxc5 Nxc3 17. bxc3 Rxd1+ 18. Rxd1 bxc5 19. c4 h6 20. h3 Bxf3 21. Qxf3 Qc3 22. Qb7 Qxa3 23. Rd7 a5 24. Qb5 a4 25. Ra7 Qa1+ 26. Kh2 Qe5+ 27. g3 Rb8 28. Qxa4 Qf5 29. Qa2 Rb1 30. Rc7 Rc1 31. Qa8+ Kh7 32. Kg2 Rxc4 33. g4 Qf6 34. Qb7 Rc2 35. Qe4+ Qg6 36. Qe5 c4 37. Qf4 c3 38. Qxf7 Qxf7 39. Rxf7 Rd2 40. Rc7 c2 41. Kf3 Kg6 42. h4 h5 43. gxh5+ Kxh5 44. e4 Kxh4 45. Ke3 Rd7 46. Rxc2 Kg5 47. Rc5+ Kf6 48. Kf4 Rd4 49. f3 Ra4 50. Rb5 Rc4 51. Ra5 Rb4 52. Rc5 Ra4 53. Rb5 Rc4 54. Kg4 Ra4 55. Rb7 Rc4 56. Kf4 Ra4 57. Rb6 Rc4 58. Ke3 Rc3+ 59. Kf4 Rc4 60. Rb5 1/2-1/2